Gambling and gender : men and women at play (Record no. 191362)

MARC details
000 -LEADER
fixed length control field 00757nam a2200241Ia 4500
008 - FIXED-LENGTH DATA ELEMENTS--GENERAL INFORMATION
fixed length control field 191130s2009##################000#0#eng##
020 ## - INTERNATIONAL STANDARD BOOK NUMBER
ISBN 9781433105227
082 ## - DEWEY DECIMAL CLASSIFICATION NUMBER
Classification number 306.482 PHI
245 ## - TITLE STATEMENT
Title Gambling and gender : men and women at play
Statement of responsibility, etc Deborah K. Phillips and Vicki A. Wilson, editors
260 ## - PUBLICATION, DISTRIBUTION, ETC. (IMPRINT)
Place of publication Bern
Name of publisher Peter Lang
Year of publication c2009
300 ## - PHYSICAL DESCRIPTION
Number of Pages viii, 176 p. ; 24 cm
500 ## - GENERAL NOTE
General note Includes bibliographical references and index
650 ## - SUBJECT ADDED ENTRY--TOPICAL TERM
Topical Term Gamblers - Psychology
Topical Term Gambling - Sex differences
Topical Term Women gamblers - Psychology
700 ## - ADDED ENTRY--PERSONAL NAME
Personal name Phillips, Deborah K
Personal name Wilson, Vicki A
991 ## -
-- 216684
Holdings
Withdrawn status Lost status Damaged status Not for loan Home library Current library Shelving location Date acquired Full call number Accession Number Price effective from Koha item type
        Anna Centenary Library Anna Centenary Library 3RD FLOOR, B WING 13.10.2020 306.482 PHI 220265 13.10.2020 English Books

Find us on the map